Statistics for The Deadpool Quiz

Click here to take the quiz!

General Stats

  • This quiz has been taken 103 times
  • The average score is 11 of 16

Answer Stats

HintAnswer% Correct
First NameWade
94%
SurnameWilson
93%
Is Deadpool awesome?Yes
90%
Why the red suit? (movie reference)So bad guys can't see him bleed
87%
Who is the actor who plays Deadpool?Ryan Reynolds
81%
What country is Deadpool from?Canada
80%
What food does Deadpool love?Chimichangas
77%
What power does Deadpool have?Healing Factor
70%
What does Deadpool break?The fourth wall
69%
RoommateBlind Al
64%
Name of character he was based onDeathstroke
63%
NicknameThe merc with a mouth
60%
Middle NameWinston
56%
What music is used in the Deadpool trailer?X Gon Give It To Ya
41%
What other music is used in the Deadpool trailer?Shoop
29%
Who did Deadpool rap against in Epic Rap Battles of History?Boba Fett
24%

Score Distribution

Percentile by Number Answered

Percent of People with Each Score

Your Score History

You have not taken this quiz